El Salvador : ¿por qué la insurrección? /
Kaydedildi:
| Yazar: | |
|---|---|
| Materyal Türü: | Bilinmiyor |
| Dil: | Spanish |
| Baskı/Yayın Bilgisi: |
San José, Costa Rica :
Secretariado Permanente de la Comision para la Defensa de los Derechos Humanos en Centroamérica,
1982.
|
| Konular: | |
| Etiketler: |
Etiketle
Etiket eklenmemiş, İlk siz ekleyin!
|
MARC
| LEADER | 000000000a22000000004500 | ||
|---|---|---|---|
| 001 | 002936 | ||
| 008 | 180111b xxu||||| |||| 00| 0 spa d | ||
| 041 | 0 | |a spa | |
| 082 | 0 | 4 | |a 320.972.84 |b A323e |
| 100 | 1 | |a Alas, Higinio | |
| 245 | 1 | 0 | |a El Salvador : |b ¿por qué la insurrección? / |c Higinio Alas. |
| 260 | 1 | |a San José, Costa Rica : |b Secretariado Permanente de la Comision para la Defensa de los Derechos Humanos en Centroamérica, |c 1982. | |
| 300 | |a 293 páginas : |b ilustraciones ; |c 27 cm. | ||
| 650 | 4 | |a EL SALVADOR | |
| 650 | 4 | |a DERECHOS HUMANOS | |
| 650 | 4 | |a POLITICA Y GOBIERNO | |
| 650 | 4 | |a INSURRECCION | |
| 650 | 4 | |a PUEBLO SALVADOREÑO | |
| 942 | |c BK |2 ddc | ||
| 999 | |c 9263 |d 9263 | ||
